Statistiques concernant Rugby : Grand Chelem 2022

Cliquez ici pour prendre le quiz!

Statistiques générales

  • Ce quiz a été pris 402 fois
  • Le résultat moyen est 23 sur 26

Statistiques - réponses

Réponse% Correct
Antoine Dupont
99%
Thomas Ramos
98%
Damian Penaud
97%
Maxime Lucu
97%
Romain Ntamack
97%
Cyril Baille
96%
Gaël Fickou
96%
Uini Atonio
95%
Jonathan Danty
94%
Melvyn Jaminet
92%
Cameron Woki
90%
Julien Marchand
90%
Peato Mauvaka
90%
Yoram Moefana
88%
Gabin Villière
87%
Thibaud Flament
87%
Anthony Jelonch
85%
Paul Willemse
83%
François Cros
82%
Romain Taofifenua
81%
Grégory Alldritt
80%
Mathis Lebel
78%
Mohamed Haouas
76%
Demba Bamba
75%
Jean-Baptiste Gros
73%
Dylan Cretin
58%

Distribution des résultats

Percentile par nombre de réponses

% des personnes avec chaque résultat

Votre développement - résultats

Vous n’avez pas pris ce quiz